Danger in the fourth dimension / (Record no. 306457)
[ view plain ]
| 000 -LEADER | |
|---|---|
| fixed length control field | 00717nam a2200277Ia 4500 |
| 008 - FIXED-LENGTH DATA ELEMENTS--GENERAL INFORMATION | |
| fixed length control field | 170203s9999 xx 000 0 und d |
| 020 ## - INTERNATIONAL STANDARD BOOK NUMBER | |
| International Standard Book Number | 0-67179308x |
| 050 ## - LIBRARY OF CONGRESS CALL NUMBER | |
| Classification number | Fic |
| 050 ## - LIBRARY OF CONGRESS CALL NUMBER | |
| Item number | D621h |
| 100 ## - MAIN ENTRY--PERSONAL NAME | |
| Personal name | Dixon, Franklin W. |
| 245 ## - TITLE STATEMENT | |
| Title | Danger in the fourth dimension / |
| 245 ## - TITLE STATEMENT | |
| Statement of responsibility, etc | Franklin W. Dixon. |
| 260 ## - PUBLICATION, DISTRIBUTION, ETC. (IMPRINT) | |
| Place of publication, distribution, etc | New York : |
| 260 ## - PUBLICATION, DISTRIBUTION, ETC. (IMPRINT) | |
| Name of publisher, distributor, etc | Pocket Books, |
| 260 ## - PUBLICATION, DISTRIBUTION, ETC. (IMPRINT) | |
| Date of publication, distribution, etc | ©1993. |
| 300 ## - PHYSICAL DESCRIPTION | |
| Extent | 151 pages ; |
| 300 ## - PHYSICAL DESCRIPTION | |
| Dimensions | 20 cm. |
| 500 ## - GENERAL NOTE | |
| General note | "A Minstrel Book. |
| 650 ## - SUBJECT ADDED ENTRY--TOPICAL TERM | |
| Topical term or geographic name as entry element | Brothers -- |
| 650 ## - SUBJECT ADDED ENTRY--TOPICAL TERM | |
| Topical term or geographic name as entry element | Detective and mystery stories. |
| 650 ## - SUBJECT ADDED ENTRY--TOPICAL TERM | |
| Topical term or geographic name as entry element | Hardy boys (Fictitious characters) -- |
| 650 ## - SUBJECT ADDED ENTRY--TOPICAL TERM | |
| Topical term or geographic name as entry element | Teenage boy detectives -- |
| 650 ## - SUBJECT ADDED ENTRY--TOPICAL TERM | |
| General subdivision | Fiction. |
| 650 ## - SUBJECT ADDED ENTRY--TOPICAL TERM | |
| General subdivision | Fiction. |
| 650 ## - SUBJECT ADDED ENTRY--TOPICAL TERM | |
| General subdivision | Fiction. |
| Withdrawn status | Lost status | Damaged status | Home library | Current library | Shelving location | Date acquired | Total Checkouts | Full call number | Barcode | Date last seen | Price effective from | Koha item type |
|---|---|---|---|---|---|---|---|---|---|---|---|---|
| Stonyhurst Southville International School (Batangas) | Stonyhurst Southville International School (Batangas) | 02/03/2017 | Fic .D621h 1993 | LS-1008 | 02/03/2017 | 02/03/2017 | Books |